[Event "21MCRW_F"]
[Site "?"]
[Date "2009.??.??"]
[Round "?"]
[White "Kýhos, Alois"]
[Black "Valák, Alois"]
[Result "1/2-1/2"]
[WhiteElo "2457"]
[BlackElo "2370"]
[PlyCount "63"]
[EventDate "2009.??.??"]
[EventType "corr"]
[SourceDate "2004.06.03"]

1. e4 e5 2. Nf3 Nc6 3. Nc3 Nf6 4. Bb5 Bb4 5. O-O O-O 6. d3 d6 7. Bg5 Bxc3 8.
bxc3 Qe7 9. Re1 h6 10. Bh4 Nd8 11. d4 a6 12. Ba4 Ne6 13. dxe5 dxe5 14. Nxe5 Nc5
15. Nd3 Nxa4 16. e5 g5 17. exf6 Qxf6 18. Bg3 Nxc3 19. Qh5 Qg6 20. Qf3 Qf5 21.
Qe3 Nb5 22. a4 Nd6 23. Bxd6 cxd6 24. Rab1 Bd7 25. Qd4 Rac8 26. Rxb7 Rxc2 27.
Rb6 Rc6 28. Rxc6 Bxc6 29. Qxd6 Qd5 30. Qxd5 Bxd5 31. Nb4 Bb7 32. h3 1/2-1/2

[Event "21MCRW_F"]
[Site "?"]
[Date "2009.??.??"]
[Round "?"]
[White "Pravec, Ladislav"]
[Black "Blecha, Miroslav"]
[Result "1/2-1/2"]
[WhiteElo "2328"]
[BlackElo "2387"]
[PlyCount "53"]
[EventDate "2009.??.??"]
[EventType "corr"]
[SourceDate "2004.06.03"]

1. d4 Nf6 2. c4 e6 3. Nf3 b6 4. g3 Ba6 5. b3 Bb4+ 6. Bd2 Be7 7. Bg2 c6 8. Bc3
d5 9. Nbd2 Nbd7 10. O-O O-O 11. Re1 c5 12. e4 Nxe4 13. Nxe4 dxe4 14. Rxe4 Bb7
15. Re3 Bf6 16. Rd3 Qc7 17. Qe2 cxd4 18. Nxd4 Bxg2 19. Kxg2 a6 20. Rad1 Nc5 21.
R3d2 Rad8 22. Qe3 h6 23. h4 Rd7 24. Ne2 Rxd2 25. Rxd2 Bxc3 26. Nxc3 Rd8 27.
Rxd8+ 1/2-1/2

[Event "21MCRW_F"]
[Site "?"]
[Date "2009.??.??"]
[Round "?"]
[White "Pravec, Ladislav"]
[Black "Cvak, Rudolf"]
[Result "1-0"]
[WhiteElo "2328"]
[BlackElo "2328"]
[PlyCount "91"]
[EventDate "2009.??.??"]
[EventType "corr"]
[SourceDate "2004.06.03"]

1. d4 Nf6 2. c4 g6 3. Nc3 Bg7 4. e4 d6 5. Be2 O-O 6. Nf3 e5 7. O-O exd4 8. Nxd4
Re8 9. f3 Nc6 10. Be3 Nh5 11. Qd2 f5 12. Rad1 Nf4 13. Bxf4 Nxd4 14. Bd3 Be6 15.
Be3 Qe7 16. b3 Be5 17. exf5 Bxf5 18. Nd5 Qf7 19. g4 Bxd3 20. Qxd3 c6 21. Bxd4
cxd5 22. cxd5 Qxd5 23. Bxe5 Qxd3 24. Rxd3 dxe5 25. Rd7 Rab8 26. Kf2 Red8 27.
Rfd1 Rxd7 28. Rxd7 Rc8 29. Kg3 Rc2 30. a4 Rc3 31. Rxb7 e4 32. a5 Rxf3+ 33. Kg2
a6 34. b4 Rf6 35. Re7 e3 36. Kg3 Rf2 37. Rxe3 Rb2 38. Re8+ Kf7 39. Rb8 Kf6 40.
Kf4 Rf2+ 41. Ke4 Kg5 42. Rb6 Kxg4 43. Kd4 Rxh2 44. Rxa6 Rb2 45. Kc4 Rf2 46. Rc6
1-0

[Event "21MCRW_F"]
[Site "?"]
[Date "2009.??.??"]
[Round "?"]
[White "Pravec, Ladislav"]
[Black "Hladecek, Miloslav"]
[Result "1/2-1/2"]
[WhiteElo "2328"]
[BlackElo "2422"]
[PlyCount "70"]
[EventDate "2009.??.??"]
[EventType "corr"]
[SourceDate "2004.06.03"]

1. d4 Nf6 2. c4 c5 3. d5 d6 4. Nc3 g6 5. e4 Bg7 6. Nf3 O-O 7. h3 a6 8. Bd3 b5
9. cxb5 axb5 10. Nxb5 Na6 11. Bd2 c4 12. Bc2 Qb6 13. Nc3 Qxb2 14. Rb1 Qa3 15.
Nb5 Qxa2 16. Ra1 Qxa1 17. Qxa1 Nc7 18. Na7 Nb5 19. Qa4 Rxa7 20. Qxb5 Ra1+ 21.
Bd1 Nxe4 22. Qb4 Rxd1+ 23. Kxd1 Nxf2+ 24. Ke2 Nxh1 25. Qxc4 Ng3+ 26. Kf2 Nh5
27. Nd4 Re8 28. Nc6 Bd7 29. g4 Nf6 30. g5 Nh5 31. h4 Bf8 32. Qb5 e5 33. Qb7 Bf5
34. Qb5 Bd7 35. Qb7 Bf5 1/2-1/2

[Event "21MCRW_F"]
[Site "?"]
[Date "2009.??.??"]
[Round "?"]
[White "Pravec, Ladislav"]
[Black "Izing, Štefan"]
[Result "1/2-1/2"]
[WhiteElo "2328"]
[BlackElo "2113"]
[PlyCount "51"]
[EventDate "2009.??.??"]
[EventType "corr"]
[SourceDate "2004.06.03"]

1. d4 d5 2. c4 e6 3. Nc3 Nf6 4. Nf3 c6 5. e3 Nbd7 6. Bd3 dxc4 7. Bxc4 b5 8. Bd3
Bb7 9. O-O a6 10. e4 c5 11. d5 c4 12. Bc2 Qc7 13. dxe6 fxe6 14. Nd4 Kf7 15. Qf3
Bc5 16. Be3 Rhe8 17. Rad1 Rad8 18. a3 Nf8 19. Qh3 e5 20. Nf5 Ne6 21. g4 h6 22.
Nd5 Nxd5 23. exd5 Rxd5 24. Qh5+ Kf8 25. g5 Nxg5 26. Bxg5 1/2-1/2

[Event "21MCRW_F"]
[Site "?"]
[Date "2009.??.??"]
[Round "?"]
[White "Pravec, Ladislav"]
[Black "Jirku, Jaroslav"]
[Result "0-1"]
[WhiteElo "2328"]
[BlackElo "2332"]
[PlyCount "132"]
[EventDate "2009.??.??"]
[EventType "corr"]
[SourceDate "2004.06.03"]

1. d4 d5 2. c4 e6 3. Nc3 c6 4. e3 Nf6 5. Nf3 Nbd7 6. Bd3 dxc4 7. Bxc4 b5 8. Bd3
Bb7 9. O-O a6 10. e4 c5 11. d5 Qc7 12. dxe6 fxe6 13. Bc2 c4 14. Nd4 Nc5 15. Be3
e5 16. Nf5 g6 17. Nh6 Bg7 18. Qf3 Ne6 19. Rad1 Nd4 20. Rxd4 exd4 21. Bxd4 Qe7
22. Be3 Rf8 23. Qd1 Qd7 24. e5 Qxd1 25. Rxd1 Nd7 26. e6 Ne5 27. Rd6 Bc6 28. Be4
Rc8 29. a3 Bxe4 30. Nxe4 c3 31. bxc3 Nc4 32. Rd7 Rd8 33. Rxd8+ Kxd8 34. Bc5 Re8
35. Nf7+ Kc7 36. e7 Kc6 37. Nfg5 Kd5 38. f3 h6 39. Nh7 Ke6 40. Nf8+ Kf7 41. Nd7
Rc8 42. g4 g5 43. f4 gxf4 44. h4 Nd2 45. Nxd2 Rc7 46. g5 hxg5 47. Ne4 Rxd7 48.
hxg5 Rd3 49. Kf2 Be5 50. Ke2 Rh3 51. Kf2 Rh8 52. Kf3 Rg8 53. Kg4 Ke6 54. Kf3 a5
55. Kg4 Rc8 56. g6 Rg8 57. Kg5 f3 58. Kg4 f2 59. Ng5+ Kf6 60. Bxf2 Kxg6 61. Ne4
Bf6 62. Nd6 Bxe7 63. Nxb5 a4 64. Bd4 Rb8 65. c4 Rd8 66. Be3 Rd3 0-1

[Event "21MCRW_F"]
[Site "?"]
[Date "2009.??.??"]
[Round "?"]
[White "Pravec, Ladislav"]
[Black "Kuta, Jirí"]
[Result "1/2-1/2"]
[WhiteElo "2328"]
[BlackElo "2438"]
[PlyCount "57"]
[EventDate "2009.??.??"]
[EventType "corr"]
[SourceDate "2004.06.03"]

1. d4 Nf6 2. c4 e6 3. Nf3 d5 4. Nc3 c6 5. e3 Nbd7 6. Bd3 dxc4 7. Bxc4 b5 8. Bd3
Bb7 9. O-O a6 10. e4 c5 11. d5 Qc7 12. dxe6 fxe6 13. Bc2 Bd6 14. Ng5 Nf8 15. f4
O-O-O 16. Qe1 e5 17. f5 h6 18. Nf3 N8d7 19. Bd2 Qc6 20. Be3 Rhe8 21. Rd1 c4 22.
Kh1 Bc5 23. h3 Bxe3 24. Qxe3 Qb6 25. Qe2 Qc5 26. Qe1 Nb6 27. Rc1 Kb8 28. a3
Nbd7 29. Rf2 1/2-1/2

[Event "21MCRW_F"]
[Site "?"]
[Date "2009.??.??"]
[Round "?"]
[White "Pravec, Ladislav"]
[Black "Valák, Alois"]
[Result "1/2-1/2"]
[WhiteElo "2328"]
[BlackElo "2370"]
[PlyCount "47"]
[EventDate "2009.??.??"]
[EventType "corr"]
[SourceDate "2004.06.03"]

1. d4 Nf6 2. c4 e6 3. Nf3 Bb4+ 4. Bd2 Qe7 5. g3 Nc6 6. Nc3 O-O 7. Bg2 b6 8. Ne5
Bb7 9. Nxc6 dxc6 10. a3 Bd6 11. O-O e5 12. d5 cxd5 13. Bg5 Qe6 14. Bxf6 Qxf6
15. Bxd5 Bxd5 16. Qxd5 Rad8 17. Qc6 Qf5 18. Nb5 a5 19. Nxd6 Rxd6 20. Qxc7 Qe6
21. Rad1 Rc6 22. Qd7 Qxd7 23. Rxd7 Rxc4 24. Rfd1 1/2-1/2

[Event "21MCRW_F"]
[Site "?"]
[Date "2009.??.??"]
[Round "?"]
[White "Sýkora, Josef"]
[Black "Bucek, Jirí"]
[Result "1/2-1/2"]
[WhiteElo "2373"]
[BlackElo "2379"]
[PlyCount "74"]
[EventDate "2009.??.??"]
[EventType "corr"]
[SourceDate "2004.06.03"]

1. c4 Nf6 2. Nf3 e6 3. d4 b6 4. g3 Ba6 5. b3 Bb4+ 6. Bd2 Be7 7. Bg2 c6 8. Bc3
d5 9. Ne5 Nfd7 10. Nxd7 Nxd7 11. Nd2 O-O 12. O-O f5 13. Rc1 Ba3 14. Rb1 Bd6 15.
Bb2 Qe7 16. Rc1 Nf6 17. Re1 Rac8 18. e3 Bb7 19. Qe2 a5 20. Nf3 a4 21. Ne5 axb3
22. axb3 Ra8 23. Nd3 Rfb8 24. Ra1 c5 25. Rxa8 Rxa8 26. Ra1 Rxa1+ 27. Bxa1 Ne4
28. Qa2 Bc6 29. dxc5 bxc5 30. Ne5 Bb7 31. Qa7 d4 32. exd4 Bxe5 33. dxe5 Qd8 34.
h3 Nxg3 35. Bxb7 Qd1+ 36. Kg2 f4 37. fxg3 Qe2+ 1/2-1/2

[Event "21MCRW_F"]
[Site "?"]
[Date "2009.??.??"]
[Round "?"]
[White "Sýkora, Josef"]
[Black "Contoš, Václav"]
[Result "1/2-1/2"]
[WhiteElo "2373"]
[BlackElo "2472"]
[PlyCount "82"]
[EventDate "2009.??.??"]
[EventType "corr"]
[SourceDate "2004.06.03"]

1. c4 c6 2. Nf3 d5 3. d4 Nf6 4. Nc3 e6 5. e3 Nbd7 6. Qc2 Bd6 7. b3 O-O 8. Be2
Re8 9. O-O b6 10. e4 Nxe4 11. Nxe4 dxe4 12. Qxe4 Qc7 13. Bb2 Bb7 14. Rad1 Rad8
15. Qg4 e5 16. dxe5 Nxe5 17. Qh5 Ng6 18. Bd3 c5 19. Ng5 h6 20. Nxf7 Bxh2+ 21.
Qxh2 Qxf7 22. Bc1 Rd4 23. Qh5 Nf4 24. Qxf7+ Kxf7 25. Bxf4 Rxf4 26. Bb1 Bc6 27.
f3 h5 28. Rd6 Rf6 29. Rd2 g5 30. Rfd1 h4 31. Kh2 Re3 32. Rd6 Rxd6 33. Rxd6 Re6
34. Rd2 Ke7 35. Bf5 Rd6 36. Rf2 Kf6 37. Bg4 Bd7 38. g3 Rd3 39. Bxd7 Rxd7 40.
Kh3 Kf5 41. Re2 Rd3 1/2-1/2

[Event "21MCRW_F"]
[Site "?"]
[Date "2009.??.??"]
[Round "?"]
[White "Sýkora, Josef"]
[Black "Cvak, Rudolf"]
[Result "1-0"]
[WhiteElo "2373"]
[BlackElo "2328"]
[PlyCount "95"]
[EventDate "2009.??.??"]
[EventType "corr"]
[SourceDate "2004.06.03"]

1. c4 e5 2. g3 Nf6 3. Bg2 Nc6 4. Nc3 Bc5 5. a3 a5 6. e3 O-O 7. Nge2 d6 8. O-O
Bb6 9. d3 Bg4 10. h3 Bd7 11. Bd2 Ne7 12. b4 axb4 13. axb4 Rxa1 14. Qxa1 Bf5 15.
e4 Be6 16. Kh2 Ng6 17. Nd5 Nxd5 18. exd5 Bd7 19. d4 Re8 20. Qc3 c6 21. dxc6
bxc6 22. Be3 d5 23. Ra1 e4 24. b5 Bc7 25. cxd5 cxd5 26. Qc5 Bf5 27. Ra6 Bb8 28.
Nc3 Be6 29. Kg1 Qd7 30. b6 f5 31. Ra8 f4 32. gxf4 Nh4 33. Qb5 Qf7 34. f5 Nxf5
35. Qxe8+ Qxe8 36. Bf4 Kf7 37. Rxb8 Qe7 38. Ra8 Nxd4 39. Ra7 Bd7 40. b7 Nc6 41.
Nxd5 Qc5 42. Ra6 Nb8 43. Ra8 Qxd5 44. Rxb8 Be8 45. Rc8 Qxb7 46. Rc7+ Qxc7 47.
Bxc7 Bd7 48. h4 1-0

[Event "21MCRW_F"]
[Site "?"]
[Date "2009.??.??"]
[Round "?"]
[White "Sýkora, Josef"]
[Black "Fric, Pavel"]
[Result "1/2-1/2"]
[WhiteElo "2373"]
[BlackElo "2431"]
[PlyCount "132"]
[EventDate "2009.??.??"]
[EventType "corr"]
[SourceDate "2004.06.03"]

1. c4 e5 2. g3 d6 3. Bg2 f5 4. Nc3 Nc6 5. d3 Nf6 6. e3 g6 7. Nge2 Bg7 8. O-O
Be6 9. Nd5 O-O 10. Rb1 Rb8 11. b4 Ne7 12. Nxf6+ Bxf6 13. b5 c6 14. a4 c5 15.
Bb2 a5 16. f4 Qd7 17. Qc2 b6 18. Rbd1 Qc7 19. Rde1 Rbe8 20. Qb3 h5 21. Nc3 Kg7
22. h4 Kh7 23. Kh2 Bg7 24. Ne2 Ng8 25. Ng1 Nh6 26. Nf3 Ng4+ 27. Kg1 Bf6 28.
Ng5+ Kh8 29. Qc2 Qg7 30. Bc6 Re7 31. Re2 Bg8 32. Rfe1 Rd8 33. Kg2 Rf8 34. Qd2
Rc8 35. e4 exf4 36. Bxf6 Qxf6 37. Qxf4 fxe4 38. Qxf6+ Nxf6 39. Nxe4 Ng4 40. Nc3
Ne5 41. Bd5 Bh7 42. Be4 Kg7 43. Nd5 Rb7 44. Nf4 Re7 45. Rd1 Bg8 46. Bd5 Bxd5+
47. Nxd5 Rb7 48. Re4 Rf8 49. d4 cxd4 50. Rdxd4 Nf3 51. Rd1 Ne5 52. Nf4 Rf6 53.
Red4 Nf7 54. R1d2 Ne5 55. Rxd6 Nxc4 56. Rd7+ Rxd7 57. Rxd7+ Rf7 58. Rd4 Nb2 59.
Kf3 Re7 60. Nd5 Re6 61. Kf4 Kh6 62. Ne3 Re8 63. g4 Rf8+ 64. Kg3 hxg4 65. Nxg4+
Kg7 66. Ne5 Re8 1/2-1/2

[Event "21MCRW_F"]
[Site "?"]
[Date "2009.??.??"]
[Round "?"]
[White "Sýkora, Josef"]
[Black "Hladecek, Miloslav"]
[Result "1/2-1/2"]
[WhiteElo "2373"]
[BlackElo "2422"]
[PlyCount "62"]
[EventDate "2009.??.??"]
[EventType "corr"]
[SourceDate "2004.06.03"]

1. c4 e5 2. g3 Nf6 3. Bg2 Bc5 4. Nc3 Nc6 5. a3 O-O 6. e3 d6 7. Nge2 Bb6 8. O-O
Bf5 9. d4 Na5 10. b4 Nxc4 11. Bxb7 Bh3 12. Qd3 Bxf1 13. Kxf1 d5 14. Nxd5 Rb8
15. Bc6 Nxd5 16. Qxc4 Ne7 17. Be4 exd4 18. Nxd4 Bxd4 19. exd4 Qd7 20. Bf3 Rfe8
21. Kg2 c6 22. Bg5 Nd5 23. Bd2 Qb7 24. Rb1 Red8 25. Rc1 Rd6 26. h3 Rbd8 27. a4
Qd7 28. Qc5 h6 29. Re1 a6 30. Bg4 Qb7 31. Bf3 Qb8 1/2-1/2

[Event "21MCRW_F"]
[Site "?"]
[Date "2009.??.??"]
[Round "?"]
[White "Sýkora, Josef"]
[Black "Kýhos, Alois"]
[Result "1-0"]
[WhiteElo "2373"]
[BlackElo "2457"]
[PlyCount "149"]
[EventDate "2009.??.??"]
[EventType "corr"]
[SourceDate "2004.06.03"]

1. c4 e5 2. g3 Nf6 3. Bg2 Nc6 4. Nc3 Bb4 5. Nd5 Bc5 6. e3 O-O 7. Ne2 d6 8. O-O
a5 9. d4 Ba7 10. Ndc3 Re8 11. d5 Ne7 12. h3 Bd7 13. b3 e4 14. Bb2 Ng6 15. Qc2
Bc5 16. Rfd1 Qe7 17. a3 h6 18. Nd4 Rac8 19. Rac1 Kh8 20. Rb1 h5 21. Bc1 Nf8 22.
b4 axb4 23. axb4 Bb6 24. Bb2 N8h7 25. h4 Nf8 26. Nb3 Bg4 27. Rd2 N8d7 28. Nb5
c6 29. dxc6 Rxc6 30. Na5 Bxa5 31. bxa5 d5 32. Ba3 Qd8 33. Nd6 Qxa5 34. Nxe8
Qxa3 35. Nxf6 Nxf6 36. Rd4 Be6 37. Rxb7 Rc8 38. Rb5 g6 39. Qd1 Kg7 40. Rb3 Qc5
41. cxd5 Nxd5 42. Rb7 Qc6 43. Qa1 Nf6 44. Rbb4 Qc3 45. Qxc3 Rxc3 46. Rb1 Bf5
47. Bf1 Ng4 48. Rc4 Ra3 49. Rc5 Be6 50. Rcb5 Rc3 51. Bh3 Rc2 52. R5b2 Rc5 53.
Ra1 Rc3 54. Rb4 Bc4 55. Bxg4 hxg4 56. Rb2 Bb3 57. Rbb1 Rd3 58. Kf1 Bc4 59. Rc1
Be6 60. Ra4 Bf5 61. Rc5 Rb3 62. Re5 Bd7 63. Ra7 Bb5+ 64. Ke1 Bd3 65. Rg5 Rb1+
66. Kd2 Rb2+ 67. Kc3 Rc2+ 68. Kb3 Kf6 69. Rxg4 Rxf2 70. Rf4+ Rxf4 71. gxf4 Be2
72. Kc3 Ke6 73. Kd4 Bf3 74. Ra5 Kf6 75. Re5 1-0

[Event "21MCRW_F"]
[Site "?"]
[Date "2009.??.??"]
[Round "?"]
[White "Sýkora, Josef"]
[Black "Pravec, Ladislav"]
[Result "1/2-1/2"]
[WhiteElo "2373"]
[BlackElo "2328"]
[PlyCount "60"]
[EventDate "2009.??.??"]
[EventType "corr"]
[SourceDate "2004.06.03"]

1. c4 Nf6 2. g3 e6 3. Bg2 d5 4. Nf3 Be7 5. O-O O-O 6. d4 dxc4 7. Qc2 a6 8. a4
Bd7 9. Qxc4 Bc6 10. Bg5 Bd5 11. Qc2 Be4 12. Qc1 h6 13. Bxf6 Bxf6 14. Nc3 Bxf3
15. Bxf3 c6 16. e3 a5 17. Ne4 Na6 18. Rd1 Nb4 19. Qc4 Be7 20. Nc5 Qc7 21. Bg2
Rad8 22. Nd3 Nxd3 23. Rxd3 Bb4 24. Rad1 Rd7 25. f4 g6 26. Bf3 Kg7 27. Kg2 Qd8
28. Qc2 Qe7 29. e4 Rfd8 30. h4 h5 1/2-1/2

[Event "21MCRW_F"]
[Site "?"]
[Date "2009.??.??"]
[Round "?"]
[White "Valák, Alois"]
[Black "Blecha, Miroslav"]
[Result "1/2-1/2"]
[WhiteElo "2370"]
[BlackElo "2387"]
[PlyCount "105"]
[EventDate "2009.??.??"]
[EventType "corr"]
[SourceDate "2004.06.03"]

1. e4 c5 2. Nf3 d6 3. d4 cxd4 4. Nxd4 Nf6 5. Nc3 a6 6. Be2 e5 7. Nb3 Be7 8. O-O
O-O 9. Be3 Be6 10. Qd2 Nbd7 11. a4 Rc8 12. a5 Qc7 13. Rfd1 Rfd8 14. Nc1 Nc5 15.
Bf3 Qc6 16. Nd5 Bxd5 17. exd5 Qd7 18. Ra3 Nfe4 19. Qb4 f5 20. Nb3 Rf8 21. Nxc5
Nxc5 22. Rc3 Na4 23. Rxc8 Rxc8 24. Ra1 Nc5 25. g3 Bf6 26. Ra3 Qe7 27. h4 e4 28.
Be2 Be5 29. Qb6 Qc7 30. Qxc7 Rxc7 31. b4 Nd7 32. c4 Kf7 33. Kg2 g6 34. f3 exf3+
35. Kxf3 Ke8 36. Rb3 Bf6 37. Kg2 Be5 38. Bd3 Bf6 39. Bf1 Be5 40. Kh3 h5 41. Bd3
Bf6 42. Be2 Be5 43. Bf4 Kf7 44. Kg2 Rc8 45. Kf3 Kg7 46. Re3 Kf8 47. Bf1 Rb8 48.
Bxe5 Nxe5+ 49. Kf4 b6 50. axb6 Rxb6 51. b5 Nd7 52. Kg5 axb5 53. cxb5 1/2-1/2

[Event "21MCRW_F"]
[Site "?"]
[Date "2009.??.??"]
[Round "?"]
[White "Valák, Alois"]
[Black "Bucek, Jirí"]
[Result "1/2-1/2"]
[WhiteElo "2370"]
[BlackElo "2379"]
[PlyCount "63"]
[EventDate "2009.??.??"]
[EventType "corr"]
[SourceDate "2004.06.03"]

1. e4 c5 2. Nf3 d6 3. d4 cxd4 4. Nxd4 Nf6 5. Nc3 a6 6. Be3 Ng4 7. Bg5 h6 8. Bh4
g5 9. Bg3 Bg7 10. h3 Ne5 11. Qd2 Nbc6 12. O-O-O Nxd4 13. Qxd4 Qa5 14. Kb1 Be6
15. f3 Rg8 16. Qe3 Nc4 17. Bxc4 Bxc4 18. e5 O-O-O 19. Rd4 Be6 20. Re4 Qc5 21.
exd6 exd6 22. Rxe6 Bd4 23. Bxd6 Rxd6 24. Re8+ Rd8 25. Rxd8+ Rxd8 26. Qd3 Bxc3
27. Qxc3 Qxc3 28. bxc3 Rd2 29. Rg1 Rf2 30. c4 Kd7 31. Kb2 Kc6 32. Kb3 1/2-1/2

[Event "21MCRW_F"]
[Site "?"]
[Date "2009.??.??"]
[Round "?"]
[White "Valák, Alois"]
[Black "Fric, Pavel"]
[Result "1-0"]
[WhiteElo "2370"]
[BlackElo "2431"]
[PlyCount "65"]
[EventDate "2009.??.??"]
[EventType "corr"]
[SourceDate "2004.06.03"]

1. e4 c5 2. Nf3 d6 3. d4 cxd4 4. Nxd4 Nf6 5. Nc3 a6 6. Be3 e5 7. Nb3 Be6 8. f4
Be7 9. f5 Bc8 10. Bc4 Nbd7 11. a4 b6 12. O-O Bb7 13. Nd2 Qc7 14. Qe2 O-O 15. g4
h6 16. h4 Nh7 17. g5 hxg5 18. hxg5 Bxg5 19. Bxg5 Nxg5 20. Kh2 Nf6 21. Rg1 Nfh7
22. Rxg5 Nxg5 23. Rg1 Qd8 24. Qh5 Nh7 25. Rg3 Qf6 26. Bd5 Kh8 27. Bxb7 Ra7 28.
Rh3 Qh6 29. Qe2 Qg5 30. Nd5 Rxb7 31. Rh5 Qd8 32. Qg4 Kg8 33. Qh3 1-0

[Event "21MCRW_F"]
[Site "?"]
[Date "2009.??.??"]
[Round "?"]
[White "Valák, Alois"]
[Black "Jandovský, Viktor"]
[Result "1-0"]
[WhiteElo "2370"]
[BlackElo "2347"]
[PlyCount "49"]
[EventDate "2009.??.??"]
[EventType "corr"]
[SourceDate "2004.06.03"]

1. e4 e6 2. d4 d5 3. Nd2 Nf6 4. e5 Nfd7 5. f4 c5 6. Ngf3 Nc6 7. c3 cxd4 8. Nxd4
Qb6 9. N2f3 Nc5 10. Qc2 Bd7 11. Nxc6 bxc6 12. Be3 a5 13. Be2 Be7 14. O-O O-O
15. Ng5 g6 16. h4 h6 17. Nh3 Rab8 18. Rab1 Qc7 19. h5 Be8 20. Nf2 Nd7 21. Ng4
Kg7 22. f5 gxf5 23. Rxf5 exf5 24. Bxh6+ Kg8 25. Qxf5 1-0

[Event "21MCRW_F"]
[Site "?"]
[Date "2009.??.??"]
[Round "?"]
[White "Valák, Alois"]
[Black "Jirku, Jaroslav"]
[Result "1/2-1/2"]
[WhiteElo "2370"]
[BlackElo "2332"]
[PlyCount "111"]
[EventDate "2009.??.??"]
[EventType "corr"]
[SourceDate "2004.06.03"]

1. e4 c5 2. Nf3 d6 3. d4 cxd4 4. Nxd4 Nf6 5. Nc3 a6 6. Be3 e5 7. Nb3 Be7 8. Be2
Be6 9. O-O Nbd7 10. f4 Rc8 11. f5 Bc4 12. Bxc4 Rxc4 13. Qe2 Rc8 14. a4 Nb6 15.
Rf3 Nc4 16. Bg5 Nxb2 17. Bxf6 Bxf6 18. Nd5 Rc6 19. a5 Qc8 20. Ra2 Nc4 21. Nb4
Rc7 22. Rh3 Bd8 23. Ra1 b5 24. axb6 Nxb6 25. Rxa6 Rc4 26. c3 Rxc3 27. Qb5+ Nd7
28. Rxd6 Rxh3 29. gxh3 Qc7 30. Rd5 Qb6+ 31. Nd4 O-O 32. Rxd7 exd4 33. Qxb6 Bxb6
34. Kf2 Ra8 35. e5 Kf8 36. Rb7 Bc5 37. Nd3 Be7 38. Kf3 Ke8 39. Ke4 Rd8 40. Rb3
Kf8 41. Nf4 Bh4 42. Nd5 Bf2 43. Rb2 Bg1 44. e6 fxe6 45. fxe6 Re8 46. e7+ Kf7
47. Rg2 Be3 48. Rg3 g6 49. Rf3+ Ke6 50. Rf6+ Kd7 51. Rb6 Rxe7+ 52. Nxe7 Kxe7
53. Rb7+ Kf6 54. Rxh7 Bg1 55. Rh8 Bxh2 56. Kxd4 1/2-1/2

[Event "21MCRW_F"]
[Site "?"]
[Date "2009.??.??"]
[Round "?"]
[White "Valák, Alois"]
[Black "Sýkora, Josef"]
[Result "1-0"]
[WhiteElo "2370"]
[BlackElo "2373"]
[PlyCount "121"]
[EventDate "2009.??.??"]
[EventType "corr"]
[SourceDate "2004.06.03"]

1. e4 e5 2. Nf3 Nc6 3. Bb5 a6 4. Ba4 Nf6 5. O-O Be7 6. Re1 b5 7. Bb3 O-O 8. c3
d6 9. h3 Na5 10. Bc2 c5 11. d4 Qc7 12. Nbd2 cxd4 13. cxd4 Nc6 14. Nb3 a5 15.
Be3 a4 16. Nbd2 Bd7 17. Rc1 Qb7 18. Qe2 Rfe8 19. Bd3 Rab8 20. dxe5 Nxe5 21.
Nxe5 dxe5 22. Bc5 Bc6 23. Nf3 Bxc5 24. Rxc5 Nd7 25. Rc3 Re6 26. Rec1 h6 27. Qc2
Rc8 28. b3 axb3 29. Rxb3 Ra8 30. Rc3 Rc8 31. a3 Kh7 32. Kh2 Kg8 33. Qe2 Rd8 34.
Bb1 Qa8 35. Qe3 Rd6 36. Nh4 g6 37. Qxh6 Bxe4 38. Rg3 Bxb1 39. Rxb1 Rf6 40. Rxb5
Qc6 41. Rb4 Nf8 42. Nf3 Rf5 43. a4 Qd6 44. Rbg4 Qf6 45. Nd2 Ra8 46. Ra3 Nd7 47.
Rd3 Nf8 48. Ne4 Qg7 49. Qc1 Rxa4 50. Rd8 Rd4 51. Re8 Kh7 52. Rh4+ Rh5 53. Ng5+
Kg8 54. Rxd4 exd4 55. f4 d3 56. Qe3 Qf6 57. Ne4 Qb2 58. Qxd3 Kg7 59. Qd6 Rh8
60. Rb8 Qa1 61. Qd8 1-0

[Event "21MCRW_F"]
[Site "?"]
[Date "2009.??.??"]
[Round "?"]
[White "Valák, Alois"]
[Black "Volek, Stanislav"]
[Result "1-0"]
[WhiteElo "2370"]
[BlackElo "2308"]
[PlyCount "91"]
[EventDate "2009.??.??"]
[EventType "corr"]
[SourceDate "2004.06.03"]

1. e4 e6 2. d4 d5 3. Nd2 c5 4. Ngf3 cxd4 5. exd5 Qxd5 6. Bc4 Qd6 7. O-O Nf6 8.
Nb3 Nc6 9. Nbxd4 Nxd4 10. Nxd4 Bd7 11. b3 O-O-O 12. Bb2 Qc7 13. Qe2 h5 14. Rad1
Bd6 15. h3 Ng4 16. g3 Bxg3 17. hxg4 hxg4 18. Qxg4 Bh2+ 19. Kg2 Bf4 20. Rh1 e5
21. Nf5 Kb8 22. Rxh8 Rxh8 23. Rxd7 Qxd7 24. Ne3 Qc6+ 25. Bd5 Qh6 26. Kf1 Rd8
27. Bf3 Qh7 28. Qg2 f6 29. Be4 Qh6 30. Nd5 Bc1 31. Ba1 Bd2 32. Qf3 Ba5 33. Qe3
Qh5 34. Qe2 Qh3+ 35. Bg2 Qf5 36. Bb2 Rd7 37. Qe4 Qg5 38. c4 Bc7 39. Ne3 Bb6 40.
Ba3 Bxe3 41. fxe3 Qh5 42. Bd6+ Ka8 43. Ke1 Qf7 44. c5 Rd8 45. Qd3 Qd7 46. b4
1-0

[Event "21MCRW_F"]
[Site "?"]
[Date "2009.??.??"]
[Round "?"]
[White "Volek, Stanislav"]
[Black "Bucek, Jirí"]
[Result "1/2-1/2"]
[WhiteElo "2308"]
[BlackElo "2379"]
[PlyCount "83"]
[EventDate "2009.??.??"]
[EventType "corr"]
[SourceDate "2004.06.03"]

1. d4 e6 2. c4 Nf6 3. Nc3 Bb4 4. Qc2 O-O 5. a3 Bxc3+ 6. Qxc3 b6 7. Bg5 Bb7 8.
f3 h6 9. Bh4 d5 10. e3 Nbd7 11. cxd5 Nxd5 12. Bxd8 Nxc3 13. Bh4 Nd5 14. Bf2 f5
15. Bb5 c6 16. Bd3 e5 17. Ne2 Rae8 18. O-O exd4 19. exd4 Nb8 20. Nc3 Ba6 21.
Bxa6 Nxa6 22. Nxd5 cxd5 23. Rac1 Re2 24. b4 Rf7 25. Rc8+ Kh7 26. Rfc1 Rb2 27.
h4 h5 28. Be1 f4 29. Kf1 Rd7 30. Rf8 Nc7 31. Rxf4 Nb5 32. a4 Nd6 33. Rc6 Rb1
34. a5 bxa5 35. bxa5 Nc4 36. Re6 Nxa5 37. Rf5 g6 38. Rg5 Nb3 39. Rgxg6 Nxd4 40.
Rh6+ Kg7 41. Reg6+ Kf7 42. Rg5 1/2-1/2

[Event "21MCRW_F"]
[Site "?"]
[Date "2009.??.??"]
[Round "?"]
[White "Volek, Stanislav"]
[Black "Contoš, Václav"]
[Result "1/2-1/2"]
[WhiteElo "2308"]
[BlackElo "2472"]
[PlyCount "39"]
[EventDate "2009.??.??"]
[EventType "corr"]
[SourceDate "2004.06.03"]

1. d4 d5 2. Nf3 c6 3. c4 Nf6 4. Nc3 e6 5. e3 Nbd7 6. Qc2 Bd6 7. Be2 O-O 8. O-O
Re8 9. Rd1 Qe7 10. b3 b6 11. e4 dxe4 12. Nxe4 Nxe4 13. Qxe4 Bb7 14. Ne5 Nf6 15.
Qf4 Nd7 16. Qe4 Nf6 17. Qf4 Nd7 18. Qe4 Nf6 19. Qf4 Nd7 20. Qe4 1/2-1/2

[Event "21MCRW_F"]
[Site "?"]
[Date "2009.??.??"]
[Round "?"]
[White "Volek, Stanislav"]
[Black "Fric, Pavel"]
[Result "0-1"]
[WhiteElo "2308"]
[BlackElo "2431"]
[PlyCount "126"]
[EventDate "2009.??.??"]
[EventType "corr"]
[SourceDate "2004.06.03"]

1. d4 d5 2. Nf3 Nf6 3. c4 e6 4. Nc3 c6 5. e3 Nbd7 6. Bd3 dxc4 7. Bxc4 b5 8. Be2
Bb7 9. O-O a6 10. e4 c5 11. e5 Nd5 12. a4 b4 13. Ne4 Qc7 14. Re1 h6 15. Qd3 Rc8
16. a5 Be7 17. Bd2 O-O 18. Rec1 Qb8 19. Nxc5 Nxc5 20. dxc5 Bxc5 21. Rc4 Rfd8
22. Qc2 Qa7 23. Be1 Be7 24. Bd2 Rxc4 25. Qxc4 Bc5 26. Rf1 Bc6 27. Qg4 Kf8 28.
Qc4 Bb5 29. Qh4 Rc8 30. Bxb5 axb5 31. g4 Be7 32. g5 Kg8 33. Qd4 Qxa5 34. gxh6
Rc4 35. Qd3 Qa2 36. Kh1 g6 37. b3 Nf4 38. Bxf4 Rxf4 39. Kg2 Bf8 40. Rc1 Qa8 41.
Rc7 Bxh6 42. Rc5 Kh7 43. Rxb5 Qc6 44. Ra5 Rf5 45. Ra4 Rxe5 46. Rxb4 Rg5+ 47.
Kh3 Rd5 48. Qe4 f5 49. Qe2 e5 50. Rc4 Qd7 51. Nxe5 Qe7 52. f4 Bxf4 53. Rxf4
Rxe5 54. Qd1 Re3+ 55. Rf3 Re4 56. Qd3 Qg5 57. Rg3 Qh5+ 58. Kg2 Re2+ 59. Kf1
Rxh2 60. Qd7+ Kh6 61. Qd4 Rh1+ 62. Kf2 Qh2+ 63. Rg2 Qh4+ 0-1

[Event "21MCRW_F"]
[Site "?"]
[Date "2009.??.??"]
[Round "?"]
[White "Volek, Stanislav"]
[Black "Jandovský, Viktor"]
[Result "1/2-1/2"]
[WhiteElo "2308"]
[BlackElo "2347"]
[PlyCount "57"]
[EventDate "2009.??.??"]
[EventType "corr"]
[SourceDate "2004.06.03"]

1. d4 Nf6 2. c4 e6 3. Nc3 Bb4 4. Qc2 O-O 5. a3 Bxc3+ 6. Qxc3 b6 7. Bg5 Bb7 8.
f3 h6 9. Bh4 d5 10. e3 Nbd7 11. cxd5 Nxd5 12. Bxd8 Nxc3 13. Bh4 Nd5 14. Bf2 c5
15. Bb5 Rfd8 16. e4 Nc7 17. Bxd7 Rxd7 18. dxc5 f5 19. e5 bxc5 20. Bxc5 Rd5 21.
b4 Rxe5+ 22. Ne2 Ba6 23. Ra2 Nd5 24. Bd4 Rxe2+ 25. Rxe2 Bxe2 26. Kxe2 Nf4+ 27.
Kf2 e5 28. Be3 Rc8 29. Rd1 1/2-1/2